Дело о встреченных Тобольским губернским начальством затруднениях в пересылке политических польских преступников на подводах и в...

Доступно только в Электронных читальных залах Найти на картеНа карте
RUSMARC
00003820nmc2a22000003x 450
00150b9732e-33a4-4226-8a49-836704c03462
00520200302115449.0
100##$a20180831l18641864k l0rusy0189 ca
1010#$arus
102##$aRU
2001#$aДело о встреченных Тобольским губернским начальством затруднениях в пересылке политических польских преступников на подводах и в выдаче им во время пути и содержания в тюрьмах денег, присылаемых этим преступникам
$j18 августа - 23 сентября 1864 г.
251##$cДело
300##$aДело
801#0$aRU
$bРГИА
$c20180831
$gRCR
801#1$aRU
$bГлавНИВЦ
$c20180831
$2rusmarc
801#2$aRU
$bПБ им. Б.Н. Ельцина
$c20200302
$gRCR
$2rusmarc
850##$aРГИА
852##$aРГИА
$eФедеральное казенное учреждение "Российский государственный исторический архив" (РГИА)
$j70
937##$hРГИА
$d12287321
$aASBIBLIO_SCAN
462#0$1001921ec746-9587-48a9-b6c2-ef8589ca621c
$12001
$aДела Департамента полиции исполнительной МВД за 1864 год
$1251
$cОпись
$1852
$j25
$l1864 г.
461#0$10013e300ed0-cd39-49af-8489-5ba5b90fa401
$12001
$aДепартамент полиции исполнительной МВД
$1251
$cФонд
$1852
$j1286
215##$a12 л.
$d36,5х26 см
371##$aДокумент не является опубликованным и широко распространяемым
105##$ay###
1222#$ad
035##$a50b9732e-33a4-4226-8a49-836704c03462
856##$uhttp://readingroom.main.prlib.ru/item.aspx?id_node=n142244350&mode=full
Формат отображения